000 00728nam a2200229Ia 4500
005 20250508160704.0
008 008 250505s9999 xx 000 0 eng d
037 _aTextual
040 _aFEDL
_beng
_cFEDL
041 _aeng
_2eng
084 _a301, INS
_qFEDL
100 _aHarper E. B. Ed.
_9769116
245 0 _aContributions to Indian sociology new series No. IV, December 1970
245 0 _cInstitute of Economic Growth
260 _aDelhi, India
_bVikas Publications
_c1970
300 _a144p.
546 _aIssued Under the Auspices of the Institute of Economic Growth,Delhi
650 _aSociology
700 _a Madan T. N. Ed.
_9769117
942 _cTEXL
_h301, INS
999 _c1366043
_d1366043